| 000 | 00394nam a2200145Ia 4500 | ||
|---|---|---|---|
| 008 | 230917s9999||||xx |||||||||||||| ||und|| | ||
| 040 |
_e68618 _aMAIN |
||
| 041 | _aEnglish | ||
| 082 | _a330.1543 I8M | ||
| 100 | _aIntriligator, Michael D | ||
| 245 | 0 | _aMathematical optimization and economic theory | |
| 260 |
_aEnglewood Cliffs _bPrentice-Hall _c1971 |
||
| 300 | _axix, 508 p. | ||
| 942 | _cBK | ||
| 999 |
_c105145 _d105145 |
||